[Event "4th Banco di Roma"]
[Site "Rome ITA"]
[Date "1980.02.??"]
[Round "7"]
[White "Parma, Bruno"]
[Black "Rodriguez Vargas, Orestes"]
[Result "1/2-1/2"]
[WhiteElo "2520"]
[BlackElo "2445"]
[EventDate "1980.02.16"]
[PlyCount "35"]

1.e4 c5 2.Nf3 d6 3.d4 cxd4 4.Nxd4 Nf6 5.Nc3 a6 6.a4 e6 7.Be2 Be7 8.O-O O-O
9.f4 Qc7 10.Kh1 Nc6 11.Be3 Nxd4 12.Qxd4 e5 13.Qd3 Bd7 14.f5 Bc6 15.a5 Rac8
16.Bb6 Qd7 17.Rfd1 g6 18.fxg6 1/2-1/2

[Event "4th Banco di Roma"]
[Site "Rome ITA"]
[Date "1980.02.??"]
[Round "9"]
[White "Mariotti, Sergio"]
[Black "Tatai, Stefano"]
[Result "1-0"]
[WhiteElo "2500"]
[BlackElo "2480"]
[EventDate "1980.02.16"]
[PlyCount "87"]

1.e4 e5 2.Nf3 Nc6 3.Bc4 Nf6 4.d3 Be7 5.O-O O-O 6.Nbd2 d6 7.c3 Na5 8.Bb5 c6
9.Ba4 b5 10.Bc2 c5 11.Re1 Nc6 12.Nf1 Re8 13.h3 Bf8 14.d4 cxd4 15.cxd4 h6 
16.Ng3 Bd7 17.Be3 a5 18.d5 Nb4 19.Bb1 Rc8 20.Qd2 Na6 21.Bc2 Nc5 22.Rac1 
Qb6 23.Nh4 Qa6 24.f4 exf4 25.Bxf4 b4 26.Bb1 Qb6 27.Be3 Qd8 28.Bxc5 Rxc5 
29.Rxc5 Qb6 30.Kh2 Qxc5 31.Rc1 Qb6 32.Rf1 Qd8 33.Nf3 Bb5 34.Rc1 Nd7 35.Nd4
Ba6 36.Nc6 Qb6 37.Nf5 Nc5 38.Qf4 Nb7 39.Qg4 g6 40.e5 dxe5 41.Nce7+ Bxe7 
42.Rc6 h5 43.Nh6+ Kh7 44.Qf3 1-0